000 004350000a22001690004500
003 MACL
005 20151229174235.0
008 151229b xxu||||| |||| 00| 0 eng d
040 _aMACL
_cMACL
041 _aEnglish
082 _a215/ROG
100 _aRoget, Peter Mark
_924463
245 _aAnimal and Vegetable physiology
_bvol 1
260 _bBell & Daldy
_c1876
650 _aScience & Religion
_924464
942 _cBK
_k215/ROG
_2ddc
999 _c37559
_d37559